Statistics for Largest Cities in Wisconsin🧀🐄

Click here to take the quiz!

General Stats

  • This quiz has been taken 14 times
  • The average score is 11 of 15

Answer Stats

PopulationCity% Correct
107,083Green Bay
100%
265,447Madison
100%
578,198Milwaukee
100%
66,694Oshkosh
92%
74,752Appleton
85%
69,030Eau Claire
85%
77,705Racine
85%
99,605Kenosha
77%
52,505La Crosse
69%
49,849Sheboygan
69%
71,307Waukesha
69%
65,506Janesville
62%
44,412Fond du Lac
54%
60,220West Allis
38%
48,072Wauwatosa
31%

Score Distribution

Percentile by Number Answered

Percent of People with Each Score

Your Score History

You have not taken this quiz